Countries With Dependencies Quiz Stats

 Plays Quiz Updated Feb 18, 2019

Score 0/9 Timer 02:00
8 Plays Today
Total Country % Correct
17United Kingdom
98.4%
8France
97.1%
14United States
93.7%
2China
87.8%
6Australia
80.6%
2Denmark
76.4%
3Netherlands
71.3%
3New Zealand
62.3%
3Norway
59.3%

You're not logged in!

Compare scores with friends on all Sporcle quizzes.
OR
Log In

Sporcle TV

Today on Sporcle TV


Watch our educational content, quiz creation guides, and fun videos on Sporcle TV.

Show Comments

Extras

Top Quizzes Today


Score Distribution

Your Account Isn't Verified!

In order to create a playlist on Sporcle, you need to verify the email address you used during registration. Go to your Sporcle Settings to finish the process.

Report this User

Report this user for behavior that violates our Community Guidelines.

Details: